00434 2200181 4500001002100000005001500021008004100036020001800077035001900095041000700114082000800121090001400129100001600143245001900159260002900178300001800207650002700225INLIS00000000001837020241224115506241224||||||||| | ||| |||| || |  a979-507-172-6 0010-1224018370 aid0 a813 a813 AST h0 aRIZA ASTUTI00aHADIAH LIBURAN bAdicita Karya Nusac1996 a84hlm;14x20cm 0akesusastraan Indonesia